| 000 | 01023nam a2200301 a 4500 | ||
|---|---|---|---|
| 001 | BRL_525 | ||
| 005 | 20190320210802.0 | ||
| 008 | 280813s2002----mx-a######---#000-0#spa-# | ||
| 020 | _a9709241044 | ||
| 041 | _aspa | ||
| 044 | _amx | ||
| 050 | 4 |
_aNK9509.65.M6 _b.A27 2002 |
|
| 245 | 1 | 0 |
_aAbracadabra _bjuguete mexicano _cProyecto y Dirección: Mauricio Martínez; Fotografía, Rigoberto Moreno, José Martínez Verea, Carlos Diaz Corona; Textos, Gutierre Aceves, Raúl Aceves, Rubén Páez. |
| 260 |
_aGuadalajara, Jalisco, México _bAmaroma Ediciones _c2002 |
||
| 300 |
_a119 p. _bil. _c26 cm. |
||
| 500 | _aAu579 | ||
| 650 | 1 | 4 |
_aJuguetes _zMéxico _924193 |
| 650 | 1 | 4 |
_aArte popular _zMéxico _9882 |
| 700 | 1 |
_aMartínez, Mauricio _924194 |
|
| 700 | 1 |
_aMoreno, Rigoberto _924195 |
|
| 700 | 1 |
_aMartínez Verea, José _924196 |
|
| 700 | 1 |
_aDíaz Corona, Carlos _924197 |
|
| 700 | 1 |
_aAceves, Guitierre _924198 |
|
| 700 | 1 |
_aAceves, Rául _924199 |
|
| 700 | 1 |
_aPáez, Rubén _924200 |
|
| 902 | _aGRL | ||
| 942 |
_2lcc _cB |
||
| 999 |
_c9337 _d9337 |
||